| 000 | 01696nam0a2200313 i 4500 | ||
|---|---|---|---|
| 001 | RU\NLR\bibl\1965205 | ||
| 005 | 20241103054636.0 | ||
| 010 |
_a9785804412822 _9250 |
||
| 021 |
_aRU _b2012-79863 _95927 |
||
| 035 | _a(NLR Aleph) 001954150 | ||
| 090 |
_a3736087 _c3736087 |
||
| 100 | _a20121109d2012 u y0rusy50 ca | ||
| 101 | 0 | _arus | |
| 102 | _aRU | ||
| 105 | _ay ||||||||| | ||
| 200 | 1 |
_aБиологически активная добавка к пище из икры морских ежей (маристим) в качестве средства сопровождения базисной терапии пациентов с ишемической болезнью сердца _fС.П. Крыжановский, М.А. Яцкова, В.Д. Головачева [и др.] _gДепартамент здравоохранения Администрации Приморского края, Мед. об-ние ДВО РАН, Науч.-исслед. ин-т эпидемиологии и микробиологии СО РАМН |
|
| 210 |
_aВладивосток _cДальнаука _d2012 |
||
| 215 |
_a18, [2] с. _d21 |
||
| 320 | _aБиблиогр. в конце кн. | ||
| 606 |
_aИшемическая болезнь сердца _jМетодические пособия _xТерапия маристимом _92125473 _3RU\NLR\auth\661586737 |
||
| 686 | _aР410.14-52я8 | ||
| 701 | 1 |
_aКрыжановский _bС. П. _gСергей Петрович _4070 |
|
| 701 | 1 |
_aЯцкова _bМ. А. _4070 |
|
| 701 | 1 |
_aГоловачева _bВ. Д. _4070 |
|
| 801 | 0 |
_aRU _bNLR _c20121109 _gRCR |
|
| 801 | 1 |
_aRU _bNLR _c20121109 |
|
| 942 | _cBOOK | ||
| 980 | _aNBR | ||